Folclor colombiano (Record no. 1934)

MARC details
000 -LEADER
campo de control de longitud fija 01139nam a2200289Ia 4500
003 - IDENTIFICADOR DE NÚMERO DE CONTROL
campo de control CO-BoRNBP
005 - FECHA Y HORA DE LA ÚLTIMA TRANSACCIÓN
campo de control 20231007222748.0
008 - DATOS DE LONGITUD FIJA--INFORMACIÓN GENERAL
campo de control de longitud fija 141031s9999 ck 000 0 spa d
020 ## - NÚMERO INTERNACIONAL ESTÁNDAR DEL LIBRO
Número Internacional Estándar del Libro 978958993705
040 ## - FUENTE DE CATALOGACIÓN
Centro catalogador/agencia de origen CO-BoRNBP
Lengua de catalogación spa
Normas de descripción rda
Centro/agencia transcriptor CO-BoRNBP
082 04 - NÚMERO DE LA CLASIFICACIÓN DECIMAL DEWEY
Número de clasificación 398.0986137 F663f
Número de edición 22
100 1# - ENTRADA PRINCIPAL--NOMBRE DE PERSONA
Nombre de persona Cortés de Piñeros, María
9 (RLIN) 3028
245 10 - MENCIÓN DEL TÍTULO
Título Folclor colombiano
Resto del título departamento de Boyacá
Mención de responsabilidad, etc. María Cortés de Piñeros... [y otros]
250 ## - MENCION DE EDICION
Mención de edición 1a edición
264 ## - PRODUCCIÓN, PUBLICACIÓN, DISTRIBUCIÓN, FABRICACIÓN Y COPYRIGHT
Producción, publicación, distribución, fabricación y copyright Bogotá
Nombre del de productor, editor, distribuidor, fabricante Patronato Colombiano de Artes y Ciencias
Fecha de producción, publicación, distribución, fabricación o copyright 2010
300 ## - DESCRIPCIÓN FÍSICA
Extensión 267 páginas
Otras características físicas ilustraciones
Dimensiones 25 cm.
336 ## - TIPO DE CONTENIDO
Término de tipo de contenido texto
Código de tipo de contenido txt
Fuente rdacontent
337 ## - TIPO DE MEDIO
Nombre/término del tipo de medio sin mediación
Código del tipo de medio n
Fuente rdamedia
338 ## - TIPO DE SOPORTE
Nombre/término del tipo de soporte volumen
Código del tipo de soporte nc
Fuente rdacarrier
500 ## - NOTA GENERAL
Nota general Este es un numero suelto de la revista Nueva Revista Colombiana de Folclor. Incluye índice
650 14 - PUNTO DE ACCESO ADICIONAL DE MATERIA--TÉRMINO DE MATERIA
Fuente del encabezamiento o término LEMB
Término de materia o nombre geográfico como elemento de entrada Música folclórica
Subdivisión geográfica Boyacá (Colombia)
9 (RLIN) 12109
650 14 - PUNTO DE ACCESO ADICIONAL DE MATERIA--TÉRMINO DE MATERIA
Fuente del encabezamiento o término LEMB
Término de materia o nombre geográfico como elemento de entrada Folclor
Subdivisión geográfica Boyacá (Colombia)
9 (RLIN) 12110
651 14 - PUNTO DE ACCESO ADICIONAL DE MATERIA--NOMBRE GEOGRÁFICO
Nombre geográfico Boyacá (Colombia)
Subdivisión general Danzas populares nacionales
9 (RLIN) 12097
651 14 - PUNTO DE ACCESO ADICIONAL DE MATERIA--NOMBRE GEOGRÁFICO
Nombre geográfico Boyacá (Colombia)
Subdivisión general Mitos y leyendas
9 (RLIN) 12098
700 1# - ENTRADA AGREGADA--NOMBRE PERSONAL
Nombre de persona Cortés de Piñeros, María
Término indicativo de función/relación director
9 (RLIN) 3028
942 ## - ELEMENTOS DE ENTRADA SECUNDARIOS (KOHA)
Fuente del sistema de clasificación o colocación Clasificación Decimal Dewey
Tipo de ítem Koha Libros
Holdings
Estatus retirado Estado de pérdida Fuente del sistema de clasificación o colocación Estado de daño No para préstamo Biblioteca de origen Biblioteca actual Fecha de adquisición Total de préstamos Signatura topográfica completa Código de barras Visto por última vez Copia número Precio de reemplazo Tipo de ítem Koha
    Clasificación Decimal Dewey     BIBLIOTECA PÚBLICA MUNICIPAL RAMON CORREA MEJIA BIBLIOTECA PÚBLICA MUNICIPAL RAMON CORREA MEJIA 07/10/2023   398.0986137 F663f 33976 07/10/2023 Ej.1 07/10/2023 Libros

Powered by Koha